000 00480nab a2200145Ia 4500
003 ES-SlBCS
005 20210601133742.0
008 140529s2011 xxu||||| |||| 00| 0 por d
041 _apor
100 1 _aCampos dos Santos, Luciano
_9209241
245 0 0 _aSociedade pós-literária e os desafios da educaçao moral
_c Luciano Campos Dos Santos
650 0 4 _aEducación Moral
_996357
773 0 _tEducaçao e Filosofia
_gvol. 25, nº. 49, 2011, págs. 305-320
_wRev1534
942 _cAR
999 _c601552
_d601552